| 000 | 00712nam a2200229 i 4500 | ||
|---|---|---|---|
| 001 | 127305 | ||
| 003 | ES-MaACL | ||
| 005 | 20250807210242.0 | ||
| 007 | t| | ||
| 008 | 070214s1971 sp r ||||1| spa d | ||
| 080 | _a618.17 | ||
| 100 | 1 |
_aRhodes, Philip. _996660 |
|
| 245 | 1 | 3 |
_aLa mujer : _bsu papel biológico en nuestra época / _cPhilip Rhodes ; traducción de Luis Martínez Montolio. |
| 260 |
_aBarcelona : _bSagitario, _c1971. |
||
| 300 |
_a224 p. : _bil. ; _c19 cm. |
||
| 490 | 1 |
_aVita nova ; _v2 |
|
| 650 | 4 |
_aMujeres- _xConducta sexual _915259 |
|
| 700 | 1 |
_aMartínez Montolio, Luis. _978256 |
|
| 830 | 1 |
_aVita nova ; _v2 _9219188 |
|
| 852 | 4 |
_aES-MaACL _jC-45843 |
|
| 999 |
_c127305 _d127305 |
||